| 000 | 00410pab a2200169 454500 | ||
|---|---|---|---|
| 008 | 180718b2010 xxu||||| |||| 00| 0 eng d | ||
| 100 | _aSharma, Renuka | ||
| 245 | _aGender ethnicity and psychiatric ethics: the too hard basket (case) | ||
| 260 | _c2010 | ||
| 300 | _ap.243-53. | ||
| 362 | _aJan-Jun | ||
| 650 | _aEthnicity | ||
| 650 | _aWomen | ||
| 773 | _aMan in India | ||
| 908 | _aN | ||
| 909 | _a86585 | ||
| 999 |
_c86585 _d86585 |
||